| 000 | 00954nam a2200301 c 4500 | ||
|---|---|---|---|
| 003 | DO-SdBNP | ||
| 005 | 20250717143001.0 | ||
| 007 | ta | ||
| 008 | 250717s2010 dr 001 0 spa d | ||
| 020 | _a9789945460575 | ||
| 040 |
_aDO-SdBNP _bspa _cBNPHU _erda |
||
| 041 | _aspa | ||
| 082 |
_a465 _bM971L _222 |
||
| 100 | 1 |
_aMuñoz, Orlando, _d1972- _933211 _eautor _4aut. |
|
| 245 | 1 | 3 |
_aLa lengua en movimiento / _cOrlando Muñoz. |
| 246 | 1 |
_aLa lengua en movimiento : _blibro de ejercicios / |
|
| 264 | 1 |
_aSanto Domingo : _bEditorial Santuario, _c2010. |
|
| 300 |
_a267 páginas : _c23 cm. |
||
| 336 |
_atexto _btxt _2rdacontent |
||
| 337 |
_asin mediación _bn _2rdamedia |
||
| 338 |
_avolumen _bnc _2rdacarrier |
||
| 500 | _aIncluye datos biográficos del autor en la contraportada. | ||
| 590 | _aInventariado, 2025/ YL | ||
| 650 | 4 |
_aEspañol _xEnseñanza _9406 |
|
| 650 | 4 |
_aEspañol _xGramática _93475 |
|
| 910 | _aYlockward | ||
| 942 |
_2ddc _cLBS1 |
||
| 999 |
_c59572 _d59572 |
||